Геоинформационные системы: учебное пособие

Dades bibliogràfiques
Autor principal: Ковин Р. В. Роман Владимирович
Autor corporatiu: Томский политехнический университет (ТПУ)
Altres autors: Марков Н. Г. Николай Григорьевич
Sumari:В пособии изложены основы теории геоинформационных систем, включающие основы цифровой картографии, модели пространственных данных, методы и алгоритмы сбора, хранения, визуализации и анализа пространственных данных. Рассматриваются широко распространенные ГИС и методы и средства создания ГИС-приложений. Пособие разработано в рамках реализации Инновационной образовательной программы ТПУ по направлению «Информационно-коммуникационные системы и технологии» и предназначено для студентов, аспирантов, преподавателей, научных работников и специалистов, работающих в области геоинформационных систем и технологий.
Idioma:rus
Publicat: Томск, Изд-во ТПУ, 2008
Col·lecció:Инновационная образовательная программа
Matèries:
Format: Llibre
KOHA link:https://koha.lib.tpu.ru/cgi-bin/koha/opac-detail.pl?biblionumber=148933

MARC

LEADER 00000nam0a2200000 4500
001 148933
005 20240221161938.0
010 |a 5982981990 
035 |a (RuTPU)RU\TPU\book\161465 
090 |a 148933 
100 |a 20081210d2008 m y0rusy50 ca 
101 0 |a rus 
102 |a RU 
105 |a a j 001zy 
200 1 |a Геоинформационные системы   |e учебное пособие  |g Томский политехнический университет (ТПУ)  |f Р. В. Ковин, Н. Г. Марков 
210 |a Томск  |c Изд-во ТПУ  |d 2008 
215 |a 175 с.  |c ил. 
225 1 |a Инновационная образовательная программа 
320 |a Список литературы: с. 173-174 
330 |a В пособии изложены основы теории геоинформационных систем, включающие основы цифровой картографии, модели пространственных данных, методы и алгоритмы сбора, хранения, визуализации и анализа пространственных данных. Рассматриваются широко распространенные ГИС и методы и средства создания ГИС-приложений. Пособие разработано в рамках реализации Инновационной образовательной программы ТПУ по направлению «Информационно-коммуникационные системы и технологии» и предназначено для студентов, аспирантов, преподавателей, научных работников и специалистов, работающих в области геоинформационных систем и технологий. 
452 1 |0 (RuTPU)RU\TPU\book\201072  |t Геоинформационные системы  |o учебное пособие  |g Томский политехнический университет (ТПУ)  |f Р. В. Ковин, Н. Г. Марков  |c Томск  |n Изд-во ТПУ  |d 2008  |a Ковин, Роман Владимирович 
610 1 |a геоинформационные системы 
610 1 |a учебные пособия 
610 1 |a ГИС 
610 1 |a цифровая картография 
610 1 |a пространственные данные 
610 1 |a модели 
610 1 |a визуализация 
610 1 |a пространственный анализ 
610 1 |a векторные карты 
610 1 |a программное обеспечение 
610 1 |a труды учёных ТПУ 
610 1 |a картография 
675 |a 55:002.6(075.8)  |v 3 
700 1 |a Ковин  |b Р. В.  |c специалист в области информатики и вычислительной техники  |c доцент Томского политехнического университета, кандидат технических наук  |f 1975-  |g Роман Владимирович  |3 (RuTPU)RU\TPU\pers\26552  |9 12241 
701 1 |a Марков  |b Н. Г.  |c российский специалист в области информатики и вычислительной техники  |c профессор Томского политехнического университета, доктор технических наук  |f 1950-  |g Николай Григорьевич  |3 (RuTPU)RU\TPU\pers\24748  |9 10989 
712 0 2 |a Томский политехнический университет (ТПУ)  |c (1991- )  |3 (RuTPU)RU\TPU\col\376 
801 1 |a RU  |b 63413507  |c 20081210  |g PSBO 
801 2 |a RU  |b 63413507  |c 20200907  |g PSBO 
942 |c BK